Loading...
Advanced Interpretation of Clinical Laboratory Data
| Main Authors: | , , |
|---|---|
| Format: | Printed Book |
| Language: | Undetermined |
| Published: |
Marcel dekker, inc.
1982
New York |
| Subjects: |
| LEADER | 00676nam a2200229Ia 4500 | ||
|---|---|---|---|
| 008 | 141122s9999 xx 000 0 und d | ||
| 040 | |c . | ||
| 041 | |a English | ||
| 082 | |a 636.089 6075 | ||
| 082 | |b HEU/AD | ||
| 100 | |a Adelin Albert | ||
| 100 | |a Camille Heusghem | ||
| 100 | |a Ellis S. Benson | ||
| 245 | |a Advanced Interpretation of Clinical Laboratory Data | ||
| 245 | |c Camille Heusghem | ||
| 260 | |b Marcel dekker, inc. | ||
| 260 | |b New York | ||
| 260 | |c 1982 | ||
| 650 | |a MEDICINE | ||
| 942 | |c BK | ||
| 999 | |c 19999 |d 19999 | ||
| 952 | |0 0 |1 0 |2 ddc |4 0 |6 616_075600000000000_HEUAD |7 0 |9 19652 |a COVAS |b COVAS |d 0000-00-00 |o 616.0756 HEU/AD |p 13292 |r 2014-11-26 |w 2014-11-26 |y BK | ||